Reformy i cikly modernizacii rossijskoj ekonomiki.

Na základe skúmania 200 ročnej histórie Ruska autor ukazuje, že proces modernizácie ekonomiky prebiehal v dlhých vlnách. V histórii ruských trhových reforiem možno vymedziť päť najväčších vĺn zameraných na stimulovanie rozvoja slobodného podnikania, na aktivizáciu trhových vzťahov. Charakteristika i...

Full description

Saved in:
Bibliographic Details
Main Author: Rjazanov, V.
Format: Book Chapter
Language:Russian
Subjects:
Tags: Add Tag
No Tags, Be the first to tag this record!

MARC

LEADER 00000naa a2200000 4500
001 r011536
005 20221130113236.8
041 0 |a rus 
044 |a [SU] 
245 1 0 |a Reformy i cikly modernizacii rossijskoj ekonomiki.  |c V. Rjazanov 
520 |a Na základe skúmania 200 ročnej histórie Ruska autor ukazuje, že proces modernizácie ekonomiky prebiehal v dlhých vlnách. V histórii ruských trhových reforiem možno vymedziť päť najväčších vĺn zameraných na stimulovanie rozvoja slobodného podnikania, na aktivizáciu trhových vzťahov. Charakteristika ich priebehu a určenie ich tesnej súvislosti s kondratjevovskými "dlhými cyklami". Skúmanie súčasnej reformy ako záverečnej fázy modernizácie ruskej ekonomiky. 
610 2 0 |a reformy hospodárske 
610 2 0 |a cykly hospodárske 
610 2 0 |a modernizácia 
610 2 0 |a Rusko 
610 2 0 |a dejiny hospodárske 
610 2 0 |a podnikanie 
610 2 0 |a vzťahy trhové 
610 2 0 |a teória cyklu 
100 1 |a Rjazanov, V.